| 000 | 00000nam##2200000za#4500 |
| 001 | 9.574707 |
| 003 | CaOODSP |
| 005 | 20210624184320 |
| 007 | cr ||||||||||| |
| 008 | 150406|1996||||xxc|||||o f|0| 0 eng|d |
| 022 | |a1205-9153 |
| 040 | |aCaOODSP|beng |
| 043 | |an-cn--- |
| 086 | 1 |aCS11-0019/94E-PDF |
| 245 | 00|aLongitudinal aspects of earnings inequality in Canada / |h[electronic resource]|cby René Morissette and Charles Bérubé. |
| 260 | |aOttawa - Ontario : |bStatistics Canada |cJuly 11, 1996. |
| 300 | |a46p.|bgraphs, references, tables |
| 490 | 1 |aAnalytical Studies Branch research paper series|x1205-9153|vNo. 94 |
| 500 | |aThe catalogue number (11F0019MPE), ISBN (0-660-16475-2) and ISSN (1200-5223) for the print edition have been incorrectly copied in this electronic publication. |
| 590 | |a12-34-Supp|b2012-07-31 |
| 710 | 2 |aStatistics Canada. |
| 720 | 1 |aMorissette, René |
| 720 | 1 |aBérubé, Charles |
| 775 | 08|tAspects longitudinaux de l'inégalité des revenus au Canada / |w(CaOODSP)9.604442 |
| 830 | #0|aResearch paper series (Statistics Canada. Analytical Studies Branch)|x1205-9153|vNo. 94|w(CaOODSP)9.504421 |
| 856 | 40|ahttp://publications.gc.ca|qPDF|s245 KB|uhttps://publications.gc.ca/collections/Collection/CS11-0019-94E.pdf|yNo. 94 |